000
00340nam a2200145Ia 4500
008
230718s9999 xx 000 0 und d
041
_a
Eng.
082
_a
346.0488
_b
MOB-T
100
_a
mobin ahmed siddique
245
0
_a
trade mark law
260
_a
Pakistan
_b
omer law book house
_c
2020
300
_a
626
650
_a
Law
999
_c
33010
_d
33010